[Event "PER-ch"]
[Site "Peru"]
[Date "1994.??.??"]
[Round "8"]
[White "Sierra, Miguel"]
[Black "Fuentes, Moises"]
[Result "0-1"]
[WhiteElo "2370"]
[BlackElo "2380"]

1.e4 c5 2.Nf3 e6 3.d4 cxd4 4.Nxd4 a6 5.Bd3 Nf6 6.O-O d6 7.b3 Be7 8.Bb2 O-O
9.Nd2 b6 10.Qf3 Bb7 11.Qh3 g6 12.f4 Nc6 13.N2f3 Nxd4 14.Bxd4 Nh5 15.Be3 d5
16.e5 Ng7 17.Nd4 Bc5 18.g4 b5 19.Rf3 f5 20.c3 Bxd4 21.cxd4 Rc8 22.Kh1 Rc3
23.Bd2 Rc8 24.Rg1 Qb6 25.Qh6 Qxd4 26.gxf5 Rxf5 27.Qh4 Qb6 28.Rgf1 d4 29.Kg1 Bxf3
30.Rxf3 Rf7 31.Qg4 Nf5 32.Kf2 Rfc7 33.Qg1 Rc2 34.Qe1 Qa5 35.Bxc2 Rxc2 36.Rd3 Rxa2
37.Kf3 Qc7 38.Qe4 Qc2 39.Qa8+ Kf7 40.Qb7+ Ne7 41.Rxd4 Qxb3+ 42.Kg4 Qd1+ 43.Qf3 h5+  0-1

[Event "Portoroz op"]
[Site "Portoroz"]
[Date "1994.??.??"]
[Round "?"]
[White "Mohr, Georg"]
[Black "Dizdarevic, Emir"]
[Result "1-0"]
[WhiteElo "2420"]
[BlackElo "2515"]

1.e4 c5 2.Nf3 e6 3.d4 cxd4 4.Nxd4 a6 5.Bd3 b6 6.O-O Bb7 7.Be3 d6 8.f4 Nf6
9.Nd2 Nbd7 10.b4 Be7 11.Qf3 h5 12.Kh1 g6 13.Qg3 Ng4 14.Bg1 e5 15.N4f3 exf4
16.Qxf4 O-O 17.Bc4 Nde5 18.Bb3 Kg7 19.h3 g5 20.Qg3 h4 21.Qe1 Nh6 22.Nxe5 dxe5
23.Nc4 f5 24.Rd1 Qe8 25.Nxb6 Bxe4 26.Nxa8 Qxa8 27.Bd5 Qb8 28.Bxe4  1-0

[Event "Portoroz op"]
[Site "Portoroz"]
[Date "1994.??.??"]
[Round "?"]
[White "Vadla, Zeljko"]
[Black "Rusjan, Miran"]
[Result "1/2-1/2"]
[WhiteElo "2245"]
[BlackElo "2040"]

1.e4 c5 2.Nf3 e6 3.d4 cxd4 4.Nxd4 a6 5.Bd3 Nc6 6.Nxc6 dxc6 7.O-O e5 8.Nd2 Bd6
9.Nc4 Bc7 10.Qh5 b5 11.Ne3 Nf6 12.Qg5 O-O 13.Nf5 Bxf5 14.Qxf5 Qd7 15.Qf3 Bb6
16.h3 Qe6 17.a4 Nd7 18.axb5 axb5 19.Bd2 Bd4 20.c3 Bb6 21.Bc2 Nc5 22.Qf5 Rfd8
23.Bg5 f6 24.Be3 Qxf5 25.exf5 Na4 26.Rxa4 bxa4 27.Bxb6 Rdb8 28.Bc5 Rxb2 29.Bd3 a3
30.Bc4+ Kh8 31.Ra1 a2 32.Kh2 Ra5 33.Be3 Ra3 34.Be6 g6 35.Bh6 Ra8 36.f3 g5
37.Kg3 Rc2 38.h4 gxh4+ 39.Kh3 Rb2 40.Bf7 Rc2 41.Be6 Rb2 42.g4 hxg3 43.Kxg3 Rc2
44.Kh3 Rxc3 45.Kg2 Rc2+ 46.Kg3 Rb2 47.Be3 Kg7  1/2-1/2

[Event "Pula PCA op"]
[Site "Pula"]
[Date "1994.??.??"]
[Round "?"]
[White "Ljubicic, Filip"]
[Black "Krmelj, Natasa"]
[Result "1-0"]
[WhiteElo "2335"]
[BlackElo "2020"]

1.e4 c5 2.Nf3 e6 3.d4 cxd4 4.Nxd4 a6 5.Bd3 Nc6 6.Nxc6 dxc6 7.O-O e5 8.b3 Nf6
9.Bb2 Qc7 10.Nd2 Be6 11.Nf3 Bd6 12.Qd2 h6 13.Qc3 Nd7 14.Bc4 Bg4 15.Rad1 b5
16.Be2 Be6 17.Nh4 g6 18.f4 Bc5+ 19.Kh1 Bd4 20.Rxd4 exd4 21.Qxd4 Rg8 22.f5 gxf5
23.exf5 Bd5 24.c4 bxc4 25.bxc4 Bxg2+ 26.Nxg2 O-O-O 27.Bf3 Nb6 28.Qe4 Rd2
29.Be5 Qd7 30.c5 Nd5 31.Rb1  1-0

[Event "ROM-chT"]
[Site "ROM"]
[Date "1994.??.??"]
[Round "?"]
[White "Iordachescu, Viorel"]
[Black "Ionescu, Constantin"]
[Result "1/2-1/2"]
[WhiteElo "2450"]
[BlackElo "2440"]

1.e4 c5 2.Nf3 e6 3.d4 cxd4 4.Nxd4 a6 5.Bd3 Nf6 6.c4 Nc6 7.Nxc6 dxc6 8.O-O e5
9.Nc3 Bc5 10.Na4 Bd4 11.c5 Be6 12.Qe2 Qa5 13.Qc2 Qc7 14.Bg5 Qe7 15.Rad1 h6
16.Bc1 O-O 17.Nb6 Rad8 18.b4 a5 19.a3 axb4 20.axb4 Ng4 21.h3 Nf6 22.Qe2 Bc3
23.Ba3 Nd7 24.Qc2 Bd4 25.Nc4 Ra8 26.Bb2 Bxc4 27.Bxc4 Bxb2 28.Qxb2 Nf6 29.Rd3 Rfd8
30.Rfd1 Rxd3 31.Rxd3 Nxe4 32.Re3 Qh4 33.Bd3 Nf6 34.Rxe5 Rd8 35.Bf1 Rd1 36.Qe2 Rb1
37.Qd3 Qxb4 38.Re7 g6 39.Qd8+ Kg7 40.Qd3 Rc1 41.g3 Qxc5 42.Rxb7 Rc3 43.Qd8 Rc2
44.Qb6 Qxb6 45.Rxb6 Nd5 46.Rb7 Kf6 47.Bd3 Rc1+ 48.Kg2 Ke6 49.Be4 Ne7 50.Bb1 Kd6
51.Ba2 f5 52.Bf7 Rc2 53.h4 g5 54.h5 g4 55.Ra7 Rb2 56.Ra8 Ke5  1/2-1/2

[Event "ROM-chT"]
[Site "ROM"]
[Date "1994.??.??"]
[Round "?"]
[White "Sofronie, Iulian"]
[Black "Doroftei, Nicolae"]
[Result "1/2-1/2"]
[WhiteElo "2330"]
[BlackElo "2270"]

1.e4 c5 2.Nf3 e6 3.d4 cxd4 4.Nxd4 a6 5.Bd3 g6 6.O-O Bg7 7.Be3 Ne7 8.f4 d5
9.c3 dxe4 10.Bxe4 Nd5 11.Bxd5 Qxd5 12.Nb3 Qxd1 13.Rxd1 O-O 14.Nc5 Nc6 15.Nd2 e5
16.Nc4 Bg4 17.Rd2 b5 18.Nxe5 Nxe5 19.fxe5 Bxe5 20.h3 Bc8 21.Rad1 h5 22.Nd7 Bxd7
23.Rxd7 Bf6 24.Bd4 Bxd4+ 25.R1xd4 Rae8 26.Kf2 Re6 27.R7d6 Rfe8 28.Rxe6 Rxe6
29.a4 Kg7 30.axb5 axb5 31.Rd5 Rb6  1/2-1/2

[Event "Salo op"]
[Site "Salo"]
[Date "1994.??.??"]
[Round "1"]
[White "Holmsten, Aleksei"]
[Black "Paasikangas, Johanna"]
[Result "1-0"]
[WhiteElo "2320"]
[BlackElo "2155"]

1.e4 c5 2.Nf3 e6 3.d4 cxd4 4.Nxd4 a6 5.Bd3 Nc6 6.Be3 Nf6 7.O-O d6 8.c4 g6
9.Nc3 e5 10.Nxc6 bxc6 11.Be2 Bb7 12.Qb3 Qe7 13.Rad1 Rd8 14.c5 d5 15.Bg5 Bg7
16.exd5 cxd5 17.Bxa6 Bxa6 18.Qa4+ Kf8 19.Qxa6 Qe6 20.c6 Rc8 21.Nxd5 Nxd5
22.Rxd5 f6 23.Rd7 Re8 24.Be3 Kg8 25.Rfd1 Bf8 26.Rd8  1-0

[Event "San Martin"]
[Site "San Martin"]
[Date "1994.??.??"]
[Round "2"]
[White "Sanchez Almeyra, Jorge"]
[Black "Slipak, Sergio"]
[Result "0-1"]
[WhiteElo "2435"]
[BlackElo "2460"]

1.e4 c5 2.Nf3 e6 3.d4 cxd4 4.Nxd4 a6 5.Bd3 Bc5 6.Nb3 Ba7 7.O-O Nc6 8.Qg4 Nf6
9.Qg3 d6 10.Nc3 b5 11.a3 Bb7 12.Kh1 Qe7 13.f4 h5 14.Be3 h4 15.Qh3 Bxe3 16.Qxe3 h3
17.g3 Qc7 18.Be2 O-O 19.Bf3 e5 20.f5 b4 21.axb4 Nxb4 22.Rf2 a5 23.Rd2 a4
24.Nc1 Rfd8 25.Nd3 Nc6 26.Nb5 Qa5 27.Nc3 Nd4 28.Rxa4 Qxa4 29.Nxa4 Nxf3 30.b3 Nxd2
31.Qxd2 Nxe4 32.Qb4 Bc6 33.Kg1 Rdb8 34.Qc4 Rxa4  0-1

[Event "San Sebastian op"]
[Site "San Sebastian"]
[Date "1994.??.??"]
[Round "5"]
[White "Rahal, Michael"]
[Black "Vehi Bach, Victor Manuel"]
[Result "0-1"]
[WhiteElo "2310"]
[BlackElo "2420"]

1.e4 c5 2.Nf3 e6 3.d4 cxd4 4.Nxd4 a6 5.Bd3 Bc5 6.Nb3 Ba7 7.O-O Nc6 8.Qe2 d6
9.Be3 Nge7 10.Bxa7 Rxa7 11.c4 O-O 12.Nc3 b6 13.Rfd1 Rd7 14.Rac1 Bb7 15.c5 bxc5
16.Bxa6 Bxa6 17.Qxa6 Qb8 18.Qe2 Rb7 19.Rd2 Rxb3 20.axb3 Nd4 21.Rxd4 cxd4
22.Nb5 e5 23.Rc7 Rc8 24.Qc4 h6 25.Rxc8+ Nxc8 26.Na3 Ne7 27.f3 Qb7 28.Qb5 Qxb5
29.Nxb5 d5 30.exd5 Nxd5 31.Kf2 Kf8 32.g3 Ke7 33.Ke2 Nb4 34.f4 Ke6 35.Kf3 f5
36.fxe5 Kxe5 37.Na3 g5 38.Nc4+ Kd5 39.h4 g4+ 40.Ke2 f4 41.gxf4 Ke4 42.Kf2 Kxf4
43.Kg2 Nc2 44.Nd2 h5 45.Kf2 g3+ 46.Kg2 Ne3+ 47.Kg1 Nd5 48.Kg2 Kg4 49.Ne4 Nf4+
50.Kg1 Kf3 51.Nd2+ Kg4 52.Ne4 d3 53.b4 Kh3 54.Ng5+ Kxh4 55.Ne4 Kh3  0-1

[Event "Schwaebisch Gmuend op"]
[Site "Schwaebisch Gmuend"]
[Date "1994.??.??"]
[Round "8"]
[White "Schmaltz, Roland"]
[Black "Link, Michael"]
[Result "1-0"]
[WhiteElo "2445"]
[BlackElo "2290"]

1.e4 c5 2.Nf3 e6 3.d4 cxd4 4.Nxd4 a6 5.Bd3 Nf6 6.Nc3 Qc7 7.f4 d6 8.O-O b5
9.a3 Bb7 10.Kh1 Be7 11.Qe1 Nbd7 12.Nf3 Nc5 13.e5 Nfd7 14.Ne4 Nxe4 15.Bxe4 Bxe4
16.Qxe4 O-O 17.Be3 Rac8 18.c3 Qc6 19.Qxc6 Rxc6 20.exd6 Rxd6 21.a4 Rd3 22.Bd4 b4
23.cxb4 Bxb4 24.Rac1 h6 25.g3 Rb8 26.Rc7 Rd8 27.Kg2 Nf6 28.Rc4 a5 29.Rfc1 Kh7
30.R1c2 Rd7 31.Bf2 Rb7 32.Rc7 Rd7 33.Rc8 Nd5 34.Ne5 Re7 35.Nc6 Red7 36.Ra8 Nc7
37.Rc8 Nd5 38.Nd8 Rbc7 39.R2xc7 Nxc7 40.Nc6 Nd5 41.Ra8 Rc7 42.Nxb4 axb4 43.a5 Rc2
44.a6 Rxb2 45.a7 Ra2 46.Rb8 Ne3+ 47.Kf3 Rxa7 48.Bxe3 Ra2 49.h4 Rb2 50.Rb7 Kg8
51.h5 b3 52.g4 Rb1 53.Bd4 f6 54.Ke2 Kf8 55.g5 hxg5 56.fxg5 e5 57.Bc5+ Ke8
58.h6  1-0

[Event "Sevilla op"]
[Site "Sevilla"]
[Date "1994.??.??"]
[Round "2"]
[White "De la Riva Aguado, Oscar"]
[Black "Kovacevic, S."]
[Result "1-0"]
[WhiteElo "2405"]
[BlackElo "2400"]

1.e4 c5 2.Nf3 e6 3.d4 cxd4 4.Nxd4 a6 5.Bd3 Nf6 6.O-O d6 7.Qe2 Nbd7 8.c4 g6
9.Nc3 Bg7 10.Rd1 O-O 11.Nf3 Qc7 12.Bf4 Ng4 13.Rac1 b6 14.Bb1 Nge5 15.Nxe5 dxe5
16.Be3 Re8 17.c5 b5 18.b4 Nb8 19.a4 bxa4 20.b5 axb5 21.Nxb5 Qe7 22.c6 Na6
23.Qc4 Bf8 24.c7 Bd7 25.Nd6 a3 26.Nxe8 Qxe8 27.Rxd7  1-0

[Event "Sevilla op"]
[Site "Sevilla"]
[Date "1994.??.??"]
[Round "6"]
[White "Rodriguez Talavera, Juan Carlos"]
[Black "Strikovic, Aleksa"]
[Result "1/2-1/2"]
[WhiteElo "2355"]
[BlackElo "2495"]

1.e4 c5 2.Nf3 e6 3.d4 cxd4 4.Nxd4 a6 5.Bd3 Nf6 6.O-O Qc7 7.c4 Nc6 8.Nxc6 dxc6
9.Nc3 e5 10.Bg5 Nd7 11.Kh1 Nc5 12.Be3 Be6 13.Be2 a5 14.Qc2 Bd6 15.Na4 Nxa4
16.Qxa4 Qe7 17.Qb3 O-O 18.Qc3 Bc5 19.Qxe5 Bxe3 20.fxe3 Qb4 21.Rad1 Bxc4 22.Rd4 Bxe2
23.Rxb4 axb4 24.Ra1 Rfd8 25.h3 Rd2 26.Qe7 Ba6 27.Qxb4 Rad8 28.Qe7 h6 29.b3 R8d7
30.Qe8+ Kh7 31.e5 Be2 32.e6 fxe6 33.Qxe6 R7d6 34.Qe4+ Rg6 35.a4 Bd3 36.Qf3 Rf6
37.Qg4 Bf5 38.Qh4 Be6 39.b4 Rff2 40.Rg1 Bf5 41.Kh2 Rde2 42.Qd4 Rf3 43.Kh1 Rfxe3
44.Rf1 Be4 45.Rf2 Rxh3+ 46.Kg1 Rd3 47.Qc4 Rd1+ 48.Kh2 Rxf2 49.Qxe4+ Kg8 50.b5 cxb5
51.Qxb7 bxa4 52.Qa8+ Rf8 53.Qxa4 Rd6 54.Qe4 Rff6 55.Kh1 Rg6 56.Qe8+ Kh7 57.Qe7 Rd5
58.Qf8 Rd3 59.Qe8 Rdg3 60.Qf8 R3g5 61.Qa8 Rh5+ 62.Kg1 Re6 63.Qa1 Rhe5 64.Qb1+ Rg6
65.Qb8 Re1+ 66.Kh2 Rg5 67.Qd6 Rh5+ 68.Kg3 Re8 69.Qd3+ Kh8 70.Qd7 Rf8 71.Qe7 Rc8
72.Qe3 Rh1 73.Qe6 Rf8 74.Qe4 Rf6 75.Qd3 Kg8 76.Qe4 Kh8 77.Qd3 Rc6 78.Qe4 Rd6
79.Qf5 Rf6 80.Qe4  1/2-1/2

[Event "Sitges op"]
[Site "Sitges"]
[Date "1994.??.??"]
[Round "7"]
[White "Hamdouchi, Hichem"]
[Black "Gasimov, Ragim"]
[Result "1-0"]
[WhiteElo "2530"]
[BlackElo "2420"]

1.e4 c5 2.Nf3 e6 3.d4 cxd4 4.Nxd4 a6 5.Bd3 Nf6 6.O-O d6 7.c4 b6 8.Nc3 Bb7
9.Qe2 g6 10.Bg5 Bg7 11.f4 b5 12.f5 h6 13.Bh4 g5 14.fxe6 gxh4 15.Nd5 Bxd5
16.exd5 O-O 17.e7 Qb6 18.exf8=Q+ Kxf8 19.Qf2 Nbd7 20.Kh1 bxc4 21.Bxc4 Qc5
22.Bb3 Ne5 23.Qxh4 Ng6 24.Ne6+ Kg8 25.Qxf6  1-0

[Event "Sitges op"]
[Site "Sitges"]
[Date "1994.??.??"]
[Round "9"]
[White "Marcet Bisbale, Antonio"]
[Black "Spassov, Liuben"]
[Result "0-1"]
[WhiteElo "2360"]
[BlackElo "2425"]

1.e4 c5 2.Nf3 e6 3.d4 cxd4 4.Nxd4 a6 5.Bd3 Nf6 6.O-O Qc7 7.Qe2 d6 8.f4 Nbd7
9.Kh1 Be7 10.c4 b6 11.Nc3 Bb7 12.Bd2 O-O 13.Rac1 Rfe8 14.b4 Rac8 15.Nb3 Qb8
16.Be1 Bf8 17.Bh4 g6 18.a3 Bg7 19.Nd2 Nh5 20.Qe3 b5 21.Ne2 bxc4 22.Rxc4 Rxc4
23.Nxc4 d5 24.Na5 dxe4 25.Bxe4 Bxe4 26.Qxe4 Qb5 27.Rc1 Bb2 28.Rb1 Bg7 29.Nc6 Ndf6
30.Qc2 Nd5 31.Ned4 Qb6 32.Bf2 Rc8 33.Rc1 Qb7 34.a4 Nhxf4 35.b5 axb5 36.Nxb5 Nc3
37.Be3 Nfd5 38.Nd6 Qxc6 39.Nxc8 Qxc8 40.Qd3 Nxe3 41.Qxe3 Qa6 42.Qc5 Nxa4
43.Qc7 Nc3 44.Qd8+ Bf8 45.Qd2 Nd5 46.Rb1 h5  0-1

[Event "St Petersburg"]
[Site "St Petersburg"]
[Date "1994.??.??"]
[Round "?"]
[White "Yemelin, Vasily"]
[Black "Peregudov, Nickolai"]
[Result "1/2-1/2"]
[WhiteElo "2475"]
[BlackElo "2470"]

1.e4 c5 2.Nf3 e6 3.d4 cxd4 4.Nxd4 a6 5.Bd3 Qc7 6.O-O Nf6 7.Qe2 d6 8.c4 Be7
9.b3 Nc6 10.Bb2 O-O 11.Nxc6 bxc6 12.e5 dxe5 13.Bxe5 Bd6 14.Bxd6 Qxd6 15.Nc3 Qe7
16.Ne4 Nd7 17.Rad1 f5 18.Nc3 e5 19.Rfe1 e4 20.Bb1 Ne5 21.Nxe4 fxe4 22.Qxe4 Rf5
23.f4 Qc5+ 24.Qd4 Qxd4+ 25.Rxd4 Ng6 26.Bxf5 Bxf5 27.g3 Kf7 28.Kf2 Ne7 29.Red1 a5
30.Rd8 Ra7 31.Rb8 a4 32.b4 Be6 33.Rc1 a3 34.Rc2 Ra4 35.Ke3 c5 36.bxc5 Bxc4
37.Rd8 Bd5 38.Rd2 Be6 39.Kd3 Nc6 40.Rd6 Nb4+ 41.Ke3 Bxa2 42.Rd7+ Kf6 43.c6 Be6
44.c7 Ra8 45.Rd8 Ra7 46.c8=Q Bxc8 47.Rxc8 a2 48.Rc1 a1=Q 49.Rxa1 Rxa1 50.g4 Ra3+
51.Ke4 Ra6 52.f5 Rc6 53.Rd4 Rb6 54.Rd7 Rb5 55.g5+ Kxg5 56.Rxg7+ Kh6 57.Rd7 Rb6
58.Ke5 Nc6+ 59.Kd5 Nb4+ 60.Kc5 Rb8 61.f6 Nc2 62.Kd6 Ne3 63.h3 Nf5+ 64.Ke5 Kg6
65.Ra7 h6 66.f7 Rb5+ 67.Ke6 Kg7  1/2-1/2

[Event "St Petersburg op2"]
[Site "St Petersburg"]
[Date "1994.??.??"]
[Round "7"]
[White "Prokopchuk, Evgeny"]
[Black "Kuporosov, Viktor"]
[Result "0-1"]
[WhiteElo "2435"]
[BlackElo "2510"]

1.e4 c5 2.Nf3 e6 3.d4 cxd4 4.Nxd4 a6 5.Bd3 Nf6 6.O-O Qc7 7.Qe2 d6 8.c4 g6
9.Nc3 Bg7 10.Be3 O-O 11.Rac1 Nbd7 12.f4 b6 13.b4 Bb7 14.Nb3 Rac8 15.g4 Qb8
16.g5 Nh5 17.Nd4 Nxf4 18.Rxf4 e5 19.Rf6 exd4 20.Bxd4 Rfe8 21.Rcf1 Ne5 22.Nd5 Bxd5
23.cxd5 Nxd3 24.Qxd3 Bxf6 25.Bxf6 Qc7 26.Qh3 h5 27.gxh6 Kh7 28.Qg4 Qc2 29.Qd7 Qc7
30.Qg4 Qc2 31.e5 Qd2 32.Bg5 Qxd5 33.exd6 Re4 34.Qg3 Qd4+ 35.Kh1 Qd5 36.Kg1 f5
37.h3 Re2 38.Be3 Rcc2 39.Bf2 b5 40.a3 Rc4 41.Bc5 Rc3  0-1

[Event "St Petersburg op2"]
[Site "St Petersburg"]
[Date "1994.??.??"]
[Round "9"]
[White "Zontakh, Andrey"]
[Black "Kuporosov, Viktor"]
[Result "1-0"]
[WhiteElo "2440"]
[BlackElo "2510"]

1.e4 c5 2.Nf3 e6 3.d4 cxd4 4.Nxd4 a6 5.Bd3 Nf6 6.O-O Qc7 7.Qe2 d6 8.c4 g6
9.Nc3 Bg7 10.Nf3 O-O 11.Bf4 Nbd7 12.Rac1 b6 13.Rfd1 Ng4 14.Bb1 Nde5 15.Nxe5 Nxe5
16.b3 Bb7 17.Qd2 Rfd8 18.Bg5 Rd7 19.h3 f5 20.Be3 Rb8 21.exf5 gxf5 22.f4 Ng6
23.Qf2 Bxc3 24.Rxc3 Qc6 25.Bc1 Rf8 26.Rg3 Rg7 27.Bd3 e5 28.Bf1 Rff7 29.Kh2 exf4
30.Bxf4 Nxf4 31.Qxf4 Rxg3 32.Qxg3+ Rg7 33.Qf2 Bc8 34.Be2 Rg6 35.Bh5 Rg5 36.Bf3 Qc7
37.Bd5+ Kf8 38.Qd4 Qg7 39.Qxb6 Qe5+ 40.Kh1  1-0

[Event "Stockholm op"]
[Site "Stockholm"]
[Date "1994.??.??"]
[Round "?"]
[White "Wedberg, Tom"]
[Black "Agrest, Evgenij"]
[Result "1-0"]
[WhiteElo "2455"]
[BlackElo "2475"]

1.e4 c5 2.Nf3 e6 3.d4 cxd4 4.Nxd4 a6 5.Bd3 d6 6.O-O Nd7 7.f4 g6 8.c3 Bg7
9.f5 Ne5 10.Bc2 Nf6 11.fxe6 fxe6 12.Bg5 O-O 13.Nd2 Nf7 14.Bh4 e5 15.N4f3 Be6
16.Bb3 Qb6+ 17.Kh1 Bxb3 18.axb3 Rae8 19.Nc4 Qc6 20.Bxf6 Bxf6 21.Qd3 Kg7 22.Ne3 Nd8
23.b4 Ne6 24.g3 Nc7 25.Rad1 Be7 26.Kg2 Rd8 27.Nd5 Nxd5 28.Qxd5 Qxd5 29.Rxd5 Rc8
30.Nd2 Rxf1 31.Kxf1 Kf7 32.Ke2 Ke6 33.b5 Bg5 34.Nb3 Bd8 35.bxa6 bxa6 36.Nd2 Bg5
37.Ra5 Rc6 38.Kd3 Bxd2 39.Kxd2 Kf6 40.Kd3 Kg5 41.b4 Kg4 42.Ra1 Kh3 43.Ra2 h5
44.c4 Rb6 45.Kc3 Rc6 46.Rf2 Rc8 47.Rf6 Rg8 48.Rxd6 Kxh2 49.Rxa6 Kxg3 50.b5 h4
51.b6 h3 52.c5 h2 53.Ra1 Rb8 54.Kc4 Kg2 55.Kb5 Rf8 56.b7 Rf1 57.Rxf1 Kxf1
58.b8=Q h1=Q 59.Qxe5 Qf3 60.c6 Qd3+ 61.Kb6 Qe3+ 62.Kb7 Qb3+ 63.Ka6 Qa3+ 64.Qa5 Qd6
65.Qd5 Qe7 66.e5 Qc7 67.Qd6 Qc8+ 68.Kb6 Qh3 69.e6 Qe3+ 70.Kb7 Qb3+ 71.Kc8 Qa4
72.e7  1-0

[Event "Stockholm op"]
[Site "Stockholm"]
[Date "1994.??.??"]
[Round "?"]
[White "Sammalvuo, Tapani"]
[Black "Agrest, Evgenij"]
[Result "1/2-1/2"]
[WhiteElo "2370"]
[BlackElo "2475"]

1.e4 c5 2.Nf3 e6 3.d4 cxd4 4.Nxd4 a6 5.Bd3 d6 6.O-O Nd7 7.c4 Ngf6 8.Qe2 g6
9.Nc3 Bg7 10.Bf4 Qc7 11.h3 Ne5 12.Rfd1  1/2-1/2

[Event "Rilton Cup9495"]
[Site "Stockholm"]
[Date "1994.??.??"]
[Round "3"]
[White "Olesen, Martin"]
[Black "Cramling, Pia"]
[Result "0-1"]
[WhiteElo "2340"]
[BlackElo "2520"]

1.e4 c5 2.Nf3 e6 3.d4 cxd4 4.Nxd4 a6 5.Bd3 Nf6 6.c4 Qb6 7.Nb3 Nc6 8.Bf4 d6
9.Nc3 Ne5 10.O-O Qc7 11.Rc1 b6 12.Qd2 Be7 13.Rfd1 O-O 14.Bf1 Bb7 15.f3 Rac8
16.Qf2 Nfd7 17.Nd4 Qb8 18.b3 Rfe8 19.Kh1 Bd8 20.Be3 Nf6 21.Qd2 Bc7 22.b4 Ned7
23.b5 a5 24.Nc6 Qa8 25.Bf4 h6 26.Bxd6 Bxd6 27.Qxd6 Bxc6 28.e5 Nxe5 29.Qxe5 Bd7
30.Rd6 Rc5 31.Qe3 Qb8 32.Rcd1 Nd5 33.Nxd5 exd5 34.Qxc5 bxc5 35.Rxd7 d4 36.Bd3 Qc8
37.Rd5 g6 38.g3 Qc7 39.Kg2 Re3 40.Bf1 a4 41.Rb1 Qb6 42.Rb2 a3 43.Rf2 Kg7
44.f4 f5 45.h3 Qc7 46.Kh2 h5 47.h4 Qa5 48.Kg2 Qc3 49.b6 Rxg3+ 50.Kh2 Qe3  0-1

[Event "SVK-chT"]
[Site "?"]
[Date "1994.??.??"]
[Round "12"]
[White "Bartek, Ladislav"]
[Black "Pikulik, Martin"]
[Result "1-0"]
[WhiteElo "2200"]
[BlackElo "2150"]

1.e4 c5 2.Nf3 e6 3.d4 cxd4 4.Nxd4 a6 5.Bd3 g6 6.O-O Bg7 7.Nf3 Nc6 8.Nc3 Nge7
9.Re1 Qc7 10.Bg5 d6 11.Qd2 h6 12.Be3 b6 13.Rad1 Bb7 14.Na4 Nc8 15.c4 Kf8
16.b3 Kg8 17.h4 Kh7 18.h5 e5 19.g3 Rf8 20.hxg6+ fxg6 21.Kg2 Nd4 22.Nxd4 exd4
23.Bxh6 Bxh6 24.Rh1 Qg7 25.Rxh6+ Qxh6 26.Rh1 Qxh1+ 27.Kxh1 Bc6 28.Nb2 Ra7
29.Kg2 Raf7 30.Nd1 b5 31.cxb5 axb5 32.Bc2 d5 33.e5 Ne7 34.Qxd4 Ba8 35.f4 Rc8
36.Ne3 Nc6 37.Qd3 Rg7 38.Kg1 Nb4 39.Qd2 d4 40.Ng4 Rxc2 41.Nf6+ Kh8 42.Qxb4 Rc8
43.Qxd4 Rgc7 44.Ne4 Rc1+ 45.Kf2 R8c2+ 46.Kf3 Rc3+ 47.Kg4 Bxe4 48.Qxe4 Kg7
49.e6 Kf8 50.e7+ Ke8 51.Qxg6+ Kxe7 52.Qg5+ Kf7 53.Qxb5 Rc6 54.f5 R1c5 55.Qb7+ Kf6
56.Qh7 Rc7 57.Qg6+ Ke5 58.f6 Rd5 59.f7 Rd4+ 60.Kh5 Rc8 61.Qg7+  1-0

[Event "SWZ-chT"]
[Site "SWZ"]
[Date "1994.??.??"]
[Round "3"]
[White "Forster, Richard"]
[Black "Cvitan, Ognjen"]
[Result "0-1"]
[WhiteElo "2315"]
[BlackElo "2575"]

1.e4 c5 2.Nf3 e6 3.d4 cxd4 4.Nxd4 a6 5.Bd3 Nf6 6.O-O Qc7 7.Kh1 d6 8.f4 g6
9.Qe1 Bg7 10.f5 O-O 11.Qh4 e5 12.Nf3 Nbd7 13.Nc3 b5 14.a3 Bb7 15.Bh6 Nh5
16.Bxg7 Kxg7 17.Ng5 Ndf6 18.Rf3 h6 19.Nh3 Rae8 20.Raf1 Qd8 21.fxg6 fxg6 22.Qf2 Re7
23.Qh4 Ree8 24.Qf2 Qc7 25.Qe2 Bc8 26.Nd5 Nxd5 27.exd5 Bxh3 28.Bxg6 Rxf3 29.Rxf3 Kxg6
30.Rxh3 Nf4 31.Qg4+ Kh7 32.Qf5+ Ng6 33.Rg3 Qg7 34.h4 Rf8 35.Qd3 e4 36.Qxe4 Rf4
37.Qxf4 Nxf4  0-1

[Event "SWZ-chT"]
[Site "SWZ"]
[Date "1994.??.??"]
[Round "4"]
[White "Vogt, Lothar"]
[Black "Milosevic, Goran"]
[Result "1-0"]
[WhiteElo "2490"]
[BlackElo "2395"]

1.e4 c5 2.Nf3 e6 3.d4 cxd4 4.Nxd4 a6 5.Bd3 Nf6 6.O-O Qc7 7.Kh1 Bc5 8.Be3 d5
9.Nd2 O-O 10.Qf3 Nbd7 11.Rac1 b5 12.Qh3 g6 13.exd5 e5 14.N4f3 Nxd5 15.Ng5 N7f6
16.Qh6 Rd8 17.Bxc5 Qxc5 18.c4 bxc4 19.Bxc4 Qf8 20.Qh4 h6 21.Nge4 Kg7 22.Nf3 Qe7
23.Rfe1 Bb7 24.Nxf6 Nxf6 25.Nxe5 g5 26.Qh3 Rd4 27.Nxf7 Qxe1+ 28.Rxe1 Rxc4
29.Nxh6 Rh4 30.Nf5+ Kg6 31.Nxh4+  1-0

[Event "Wch U16 Girls"]
[Site "Szeged"]
[Date "1994.??.??"]
[Round "5"]
[White "Lakos, Nikoletta"]
[Black "Djingarova, Emilia"]
[Result "1/2-1/2"]
[WhiteElo "2260"]
[BlackElo "2030"]

1.e4 c5 2.Nf3 e6 3.d4 cxd4 4.Nxd4 a6 5.Bd3 Qc7 6.O-O Nf6 7.Qe2 d6 8.Kh1 Be7
9.c4 Nbd7 10.b3 O-O 11.Bb2 Re8 12.Nd2 g6 13.Nc2 Nc5 14.f4 Nfd7 15.Ne3 Bf8
16.Bc2 b5 17.b4 Na4 18.Bxa4 bxa4 19.Nf3 Bb7 20.Qc2 Qc6 21.Qc3 f6 22.Ng4 Bg7
23.Nd2 Re7 24.Qg3 f5 25.Bxg7 Rxg7 26.Nf2 Nf6 27.Rfe1 Rf8 28.Re2 Qb6 29.Qf3 Nh5
30.g3 Rd8 31.Kg1 Qxb4 32.Kf1 Qc5 33.Qc3 Rgd7 34.Nd3 Qc7 35.Kg1 d5 36.Ne5 Rg7
37.exd5 exd5 38.c5 d4 39.Qc4+ Bd5 40.Qxa4 Qxc5 41.Qxa6 Qc2 42.Qb6 Qc8 43.Nb3 d3
44.Rd2 Rc7 45.Rad1 Rb7 46.Qc5 Bxb3 47.Qxc8 Rxc8 48.axb3 Rxb3 49.Rxd3 Rxd3
50.Rxd3 Nf6  1/2-1/2

[Event "Wch U18"]
[Site "Szeged"]
[Date "1994.??.??"]
[Round "9"]
[White "Yemelin, Vasily"]
[Black "Kacheishvili, Giorgi"]
[Result "0-1"]
[WhiteElo "2475"]
[BlackElo "2425"]

1.e4 c5 2.Nf3 e6 3.d4 cxd4 4.Nxd4 a6 5.Bd3 Nf6 6.O-O d6 7.c4 b6 8.Nc3 Bb7
9.b3 Nbd7 10.Qe2 g6 11.Rd1 Bg7 12.Be3 O-O 13.f3 Re8 14.Qd2 d5 15.exd5 exd5
16.cxd5 Nxd5 17.Nxd5 Bxd5 18.Rac1 Qh4 19.Bf1 Be5 20.g3 Qh5 21.Qf2 Nf6 22.Be2 Bxg3
23.Qxg3 Rxe3 24.Qf4 Qe5 25.Qxe5 Rxe5 26.Bf1 a5 27.Rd2 Re7 28.Kf2 a4 29.b4 a3
30.Bb5 Kg7 31.Rc3 Bb7 32.Bc6 Bxc6 33.Nxc6 Rd7 34.Rxd7 Nxd7 35.Ke3 b5 36.Kd4 Nb6
37.Rc5 Rc8 38.Ke5 Nd7+ 39.Kd6 Nxc5 40.bxc5 Rxc6+ 41.Kxc6 b4 42.Kb7 b3 43.axb3 a2
44.c6 a1=Q 45.c7 Qc3 46.c8=Q Qxb3+  0-1

[Event "Terrassa op"]
[Site "Terrassa"]
[Date "1994.??.??"]
[Round "2"]
[White "Zair, Abdelkarim"]
[Black "Bellon Lopez, Juan Manuel"]
[Result "1/2-1/2"]
[WhiteElo "2265"]
[BlackElo "2460"]

1.e4 c5 2.Nf3 e6 3.d4 cxd4 4.Nxd4 a6 5.Bd3 d6 6.O-O Nf6 7.Qe2 Qc7 8.c4 g6
9.Nc3 Bg7 10.Be3 O-O 11.Rac1 b6 12.f4 Nbd7 13.Kh1 Bb7 14.Bb1 Rac8 15.b3 Qb8
16.Nf3 Qa8 17.Rfd1 d5 18.e5 Ng4 19.Bg1 Rfe8 20.Na4 b5 21.cxb5 axb5 22.Nc5 Nxc5
23.Bxc5 b4 24.h3 Qa5 25.Bd6 Nh6 26.Qe1 Bf8 27.Bxf8 Rxf8 28.Rxc8 Bxc8 29.Qh4 Kg7
30.Qf6+ Kg8 31.Qh4 Nf5 32.Bxf5 exf5 33.Qh6 Qc7 34.Ng5 f6 35.exf6 Rxf6 36.Re1 Rf8
37.Qh4 Qd7 38.Nf3 Re8 39.Rxe8+ Qxe8 40.Qf6 Be6 41.Qd4 Qe7 42.Kg1 h6 43.h4 Bf7
44.Kf2 Qc7 45.Qxb4 Qa7+ 46.Kg3 Qxa2 47.Qb8+ Kg7 48.Qe5+ Kg8 49.b4 Qb3 50.Qd6 Kh7
51.Kh2 Qc4 52.Kg3 Qb3 53.Qc5 d4 54.Qxd4 Bd5 55.Qa7+ Kg8 56.Qb8+ Kf7 57.Qc7+ Kf8
58.Qd6+ Kf7 59.h5 gxh5 60.Qxh6 Bxf3 61.gxf3 Qxb4 62.Qxh5+ Kg7 63.Qg5+ Kh8
64.Qf6+ Kg8 65.Qxf5 Qe1+ 66.Kh3 Qh1+ 67.Kg4 Qg2+ 68.Kh4 Qf2+ 69.Kg5 Qxf3
70.Kf6 Qb7 71.Qe6+ Kf8 72.Qd6+ Ke8 73.f5 Qg7+ 74.Ke6 Qf6+ 75.Kd5 Qxf5+ 76.Qe5+ Qxe5+
77.Kxe5  1/2-1/2

[Event "Terrassa op"]
[Site "Terrassa"]
[Date "1994.??.??"]
[Round "4"]
[White "De la Riva Aguado, Oscar"]
[Black "Pares Vives, Jose"]
[Result "1/2-1/2"]
[WhiteElo "2420"]
[BlackElo "2380"]

1.e4 c5 2.Nf3 e6 3.d4 cxd4 4.Nxd4 a6 5.Bd3 Nc6 6.Nxc6 bxc6 7.O-O d5 8.c4 Nf6
9.Nc3 Be7 10.Qe2 O-O 11.b3 Bb7 12.Bb2 d4 13.Na4 c5 14.e5 Nd7 15.Rae1 Nb6
16.Nxb6  1/2-1/2

[Event "Ticino op"]
[Site "Ticino"]
[Date "1994.??.??"]
[Round "4"]
[White "Gallagher, Joseph G"]
[Black "Erdelyi, Tamas"]
[Result "0-1"]
[WhiteElo "2470"]
[BlackElo "2300"]

1.e4 c5 2.Nf3 e6 3.d4 cxd4 4.Nxd4 a6 5.Bd3 Nf6 6.O-O d6 7.Kh1 Nbd7 8.f4 Qc7
9.Qe2 Be7 10.c4 O-O 11.Nc3 Re8 12.Bd2 g6 13.Nf3 b6 14.e5 Nh5 15.Rae1 Ng7
16.Ng5 Bb7 17.exd6 Bxd6 18.Nce4 Be7 19.Bc3 Rad8 20.Nf2 Bf8 21.Ng4 Nh5 22.Bc2 Nxf4
23.Nxf7 e5 24.Nfh6+ Bxh6 25.Nxh6+ Kf8 26.Ng4 Kg8 27.Nh6+ Kf8 28.Be4 Nf6 29.Bxb7 Qxb7
30.Qc2 Kg7 31.Rxe5 Kxh6 32.Rxe8 Rxe8 33.Rxf4 Nh5 34.Rf1 Qc6 35.Qd2+ g5 36.Kg1 Nf4
37.h4 Re2 38.hxg5+ Kh5 39.Rxf4 Qxg2+  0-1